[Event "1SM"]
[Site "Sharjah Chess Club"]
[Date "2017.03.24"]
[Round "2.12"]
[White "Idani, Pouya"]
[Black "Kulkarni, Rakesh"]
[Result "1-0"]
[BlackElo "2325"]
[WhiteElo "2576"]
[LiveChessVersion "1.4.8"]

1. e4 {[%clk 1:40:55]} c5 {[%clk 1:40:47]} 2. Nf3 {[%clk 1:41:20]} e6
{[%clk 1:41:02]} 3. d4 {[%clk 1:41:44]} cxd4 {[%clk 1:41:27]} 4. Nxd4
{[%clk 1:42:09]} a6 {[%clk 1:41:54]} 5. Bd3 {[%clk 1:42:29]} Nc6 {[%clk 1:42:03]}
6. Nxc6 {[%clk 1:42:46]} dxc6 {[%clk 1:42:25]} 7. O-O {[%clk 1:42:07]} e5
{[%clk 1:42:51]} 8. Nd2 {[%clk 1:41:19]} Nf6 {[%clk 1:40:26]} 9. Nc4
{[%clk 1:38:34]} Qc7 {[%clk 1:33:14]} 10. Bd2 {[%clk 1:35:43]} Bc5
{[%clk 1:31:09]} 11. Bc3 {[%clk 1:35:06]} Nd7 {[%clk 1:25:01]} 12. b4
{[%clk 1:30:53]} Be7 {[%clk 1:07:44]} 13. Qh5 {[%clk 1:14:37]} g6
{[%clk 1:05:14]} 14. Qh6 {[%clk 1:15:01]} Bf8 {[%clk 1:04:12]} 15. Qh4
{[%clk 1:13:55]} b5 {[%clk 0:50:32]} 16. Ne3 {[%clk 1:14:16]} a5 {[%clk 0:50:40]}
17. bxa5 {[%clk 1:12:21]} b4 {[%clk 0:44:24]} 18. Bb2 {[%clk 1:12:35]} Rxa5
{[%clk 0:44:09]} 19. Nc4 {[%clk 1:12:14]} Ra4 {[%clk 0:43:55]} 20. f4
{[%clk 1:04:06]} Bg7 {[%clk 0:43:05]} 21. fxe5 {[%clk 1:03:06]} Nxe5
{[%clk 0:37:33]} 22. Qg3 {[%clk 1:03:16]} Ra5 {[%clk 0:35:38]} 23. Nxa5
{[%clk 0:56:17]} Qxa5 {[%clk 0:35:15]} 24. a3 {[%clk 0:51:32]} bxa3
{[%clk 0:30:26]} 25. Bxa3 {[%clk 0:48:06]} Nxd3 {[%clk 0:20:41]} 26. Qxd3
{[%clk 0:44:26]} Bxa1 {[%clk 0:18:12]} 27. Rxa1 {[%clk 0:44:41]} Qb6+
{[%clk 0:15:30]} 28. Kh1 {[%clk 0:44:14]} c5 {[%clk 0:15:30]} 29. Qe3
{[%clk 0:44:07]} O-O {[%clk 0:14:14]} 30. Bxc5 {[%clk 0:44:33]} Qb2
{[%clk 0:14:28]} 31. Bd4 {[%clk 0:36:01]} Qxc2 {[%clk 0:12:10]} 32. Rc1
{[%clk 0:36:22]} Qa4 {[%clk 0:11:13]} 33. Bf6 {[%clk 0:36:46]} Qa6
{[%clk 0:01:42]} 34. e5 {[%clk 0:37:07]} Bb7 {[%clk 0:01:58]} 35. Qh6
{[%clk 0:37:31]} Bxg2+ {[%clk 0:02:24]} 36. Kg1 {[%clk 0:37:35]} Qb6+
{[%clk 0:02:42]} 37. Kxg2 {[%clk 0:38:00]} Qb2+ {[%clk 0:03:08]} 38. Kg3
{[%clk 0:36:00]} Qb3+ {[%clk 0:03:21]} 39. Kg4 {[%clk 0:36:19]} Qb4+
{[%clk 0:03:23]} 40. Qf4 {[%clk 0:35:46]} h5+ {[%clk 0:03:46]} 41. Kg5
{[%clk 0:36:08]} Qb2 {[%clk 0:04:13]} 42. Kh6 {[%clk 0:36:14]} Ra8
{[%clk 0:04:16]} 43. e6 {[%clk 0:35:59]} 1-0

[Event "1SM"]
[Site "Sharjah Chess Club"]
[Date "2017.03.24"]
[Round "2.13"]
[White "Vignesh, N R"]
[Black "Svane, Rasmus"]
[Result "1/2-1/2"]
[BlackElo "2570"]
[WhiteElo "2405"]
[LiveChessVersion "1.4.8"]

1. e4 {[%clk 1:40:50]} c6 {[%clk 1:40:51]} 2. d4 {[%clk 1:41:11]} d5
{[%clk 1:41:17]} 3. Nc3 {[%clk 1:41:34]} dxe4 {[%clk 1:41:43]} 4. Nxe4
{[%clk 1:41:58]} Bf5 {[%clk 1:42:06]} 5. Ng3 {[%clk 1:42:23]} Bg6
{[%clk 1:42:30]} 6. h4 {[%clk 1:40:34]} h6 {[%clk 1:42:53]} 7. Nf3
{[%clk 1:40:55]} e6 {[%clk 1:42:15]} 8. h5 {[%clk 1:35:27]} Bh7 {[%clk 1:42:40]}
9. Bd3 {[%clk 1:35:52]} Bxd3 {[%clk 1:42:40]} 10. Qxd3 {[%clk 1:36:20]} Nf6
{[%clk 1:42:39]} 11. Bd2 {[%clk 1:36:44]} Nbd7 {[%clk 1:32:53]} 12. O-O-O
{[%clk 1:37:04]} Be7 {[%clk 1:33:18]} 13. Ne4 {[%clk 1:37:28]} Nxe4
{[%clk 1:31:04]} 14. Qxe4 {[%clk 1:36:23]} Nf6 {[%clk 1:31:26]} 15. Qd3
{[%clk 1:36:49]} c5 {[%clk 1:28:44]} 16. Qb5+ {[%clk 1:31:47]} Qd7
{[%clk 1:27:51]} 17. Qxd7+ {[%clk 1:32:15]} Nxd7 {[%clk 1:28:07]} 18. Be3
{[%clk 1:32:36]} cxd4 {[%clk 1:27:44]} 19. Bxd4 {[%clk 1:33:00]} Bf6
{[%clk 1:26:12]} 20. Be3 {[%clk 1:33:16]} a6 {[%clk 1:17:11]} 21. Nd2
{[%clk 1:33:08]} O-O-O {[%clk 1:07:32]} 22. Ne4 {[%clk 1:05:52]} Be7
{[%clk 0:58:47]} 23. Bd4 {[%clk 1:00:16]} Nf6 {[%clk 0:52:58]} 24. Nxf6
{[%clk 0:59:39]} Bxf6 {[%clk 0:52:14]} 25. Bxf6 {[%clk 1:00:01]} gxf6
{[%clk 0:52:35]} 26. Rh4 {[%clk 0:57:14]} Rxd1+ {[%clk 0:50:27]} 27. Kxd1
{[%clk 0:57:42]} Rg8 {[%clk 0:47:21]} 28. g3 {[%clk 0:57:24]} Kd7
{[%clk 0:44:14]} 29. Rf4 {[%clk 0:49:22]} f5 {[%clk 0:39:09]} 30. Ke2
{[%clk 0:49:17]} Rg5 {[%clk 0:35:27]} 31. Rd4+ {[%clk 0:49:20]} Kc7
{[%clk 0:34:18]} 32. Rc4+ {[%clk 0:49:29]} Kd7 {[%clk 0:34:33]} 33. Rd4+
{[%clk 0:49:16]} Kc7 {[%clk 0:34:37]} 34. Rh4 {[%clk 0:49:44]} Kd6
{[%clk 0:33:29]} 35. Kf3 {[%clk 0:39:33]} Kc5 {[%clk 0:25:23]} 36. a4
{[%clk 0:39:11]} b5 {[%clk 0:22:08]} 37. Ke3 {[%clk 0:38:29]} e5 {[%clk 0:20:29]}
38. axb5 {[%clk 0:35:49]} axb5 {[%clk 0:20:54]} 39. Rh1 {[%clk 0:25:47]} Rg4
{[%clk 0:14:14]} 40. Ra1 {[%clk 0:21:01]} Kd5 41. Kd4+ 1/2-1/2

[Event "1SM"]
[Site "Sharjah Chess Club"]
[Date "2017.03.24"]
[Round "2.14"]
[White "Saeed, Ishaq"]
[Black "Fier, Alexandr"]
[Result "1-0"]
[BlackElo "2568"]
[WhiteElo "2312"]
[LiveChessVersion "1.4.8"]

1. d4 {[%clk 1:39:18]} Nf6 {[%clk 1:40:54]} 2. c4 {[%clk 1:39:33]} e6
{[%clk 1:41:18]} 3. Nf3 {[%clk 1:39:58]} c5 {[%clk 1:41:44]} 4. d5
{[%clk 1:40:17]} exd5 {[%clk 1:42:09]} 5. cxd5 {[%clk 1:40:36]} d6
{[%clk 1:42:35]} 6. Nc3 {[%clk 1:40:53]} g6 {[%clk 1:43:00]} 7. Bf4
{[%clk 1:41:01]} a6 {[%clk 1:42:56]} 8. a4 {[%clk 1:41:19]} Bg7 {[%clk 1:43:13]}
9. h3 {[%clk 1:41:10]} O-O {[%clk 1:43:36]} 10. e3 {[%clk 1:40:58]} Qe7
{[%clk 1:43:42]} 11. Be2 {[%clk 1:36:58]} Nbd7 {[%clk 1:44:06]} 12. Nd2
{[%clk 1:36:39]} Ne5 {[%clk 1:41:28]} 13. O-O {[%clk 1:36:29]} Nfd7
{[%clk 1:39:48]} 14. Bg3 {[%clk 1:22:33]} f5 {[%clk 1:40:05]} 15. Re1
{[%clk 1:22:50]} Nf6 {[%clk 1:33:50]} 16. a5 {[%clk 1:19:33]} Rb8
{[%clk 1:32:16]} 17. Qb3 {[%clk 0:53:52]} Nh5 {[%clk 1:31:09]} 18. Bxh5
{[%clk 0:23:05]} gxh5 {[%clk 1:31:33]} 19. Ne2 {[%clk 0:22:45]} h4
{[%clk 1:26:30]} 20. Bxe5 {[%clk 0:22:58]} Bxe5 {[%clk 1:20:23]} 21. Nc4
{[%clk 0:22:56]} Bd7 {[%clk 1:20:42]} 22. Nxe5 {[%clk 0:23:07]} Qxe5
{[%clk 1:19:23]} 23. Nf4 {[%clk 0:23:17]} Bb5 {[%clk 1:18:43]} 24. Ne6
{[%clk 0:17:00]} Rf7 {[%clk 1:16:36]} 25. f4 {[%clk 0:13:20]} Qf6
{[%clk 1:17:03]} 26. e4 {[%clk 0:13:36]} fxe4 {[%clk 1:17:29]} 27. Rxe4
{[%clk 0:13:39]} h6 {[%clk 1:17:56]} 28. f5 {[%clk 0:04:36]} Kh7 {[%clk 1:18:23]}
29. Rae1 {[%clk 0:02:50]} Rg8 {[%clk 1:18:44]} 30. Rf4 {[%clk 0:02:23]} Bd7
{[%clk 1:11:16]} 31. Qc2 {[%clk 0:02:16]} Rg3 {[%clk 1:11:10]} 32. Ree4
{[%clk 0:02:14]} Bb5 {[%clk 1:11:24]} 33. Rxh4 {[%clk 0:01:10]} Bd3
{[%clk 1:10:12]} 34. Qf2 {[%clk 0:01:33]} Rg8 {[%clk 1:10:40]} 35. Rxh6+
{[%clk 0:00:41]} Qxh6 {[%clk 1:07:20]} 36. Rh4 {[%clk 0:01:10]} Rxf5
{[%clk 1:07:43]} 37. Rxh6+ {[%clk 0:01:25]} Kxh6 {[%clk 1:08:10]} 38. Qe3+
{[%clk 0:01:28]} Kg6 {[%clk 1:08:37]} 39. Qxd3 {[%clk 0:01:20]} Kf6
{[%clk 1:09:05]} 40. g4 {[%clk 0:00:56]} Rh5 {[%clk 1:09:31]} 41. Kh2
{[%clk 0:00:36]} Rhh8 {[%clk 1:09:53]} 42. Qf5+ {[%clk 0:00:48]} Ke7
{[%clk 1:10:19]} 43. g5 {[%clk 0:01:02]} 1-0

[Event "1SM"]
[Site "Sharjah Chess Club"]
[Date "2017.03.24"]
[Round "2.15"]
[White "Pichot, Alan"]
[Black "Kulkarni, Bhakti"]
[Result "1-0"]
[BlackElo "2286"]
[WhiteElo "2556"]
[LiveChessVersion "1.4.8"]

1. e4 {[%clk 1:40:53]} e5 {[%clk 1:40:30]} 2. Nf3 {[%clk 1:41:01]} Nc6
{[%clk 1:40:32]} 3. Bb5 {[%clk 1:41:15]} a6 {[%clk 1:40:20]} 4. Ba4
{[%clk 1:41:37]} Nf6 {[%clk 1:40:13]} 5. d3 {[%clk 1:41:38]} d6 {[%clk 1:39:55]}
6. c3 {[%clk 1:41:44]} g6 {[%clk 1:40:00]} 7. O-O {[%clk 1:41:29]} Bg7
{[%clk 1:40:15]} 8. Re1 {[%clk 1:41:04]} O-O {[%clk 1:40:20]} 9. Nbd2
{[%clk 1:40:43]} Nd7 {[%clk 1:39:37]} 10. Nf1 {[%clk 1:36:52]} Nc5
{[%clk 1:38:58]} 11. Bxc6 {[%clk 1:29:32]} bxc6 {[%clk 1:39:23]} 12. d4
{[%clk 1:29:55]} exd4 {[%clk 1:36:11]} 13. cxd4 {[%clk 1:28:15]} Nd7
{[%clk 1:32:39]} 14. Bg5 {[%clk 1:23:28]} Bf6 {[%clk 1:22:28]} 15. Bxf6
{[%clk 1:11:23]} Qxf6 {[%clk 1:20:56]} 16. Rc1 {[%clk 0:58:39]} c5
{[%clk 1:11:20]} 17. dxc5 {[%clk 0:52:08]} dxc5 {[%clk 1:10:53]} 18. e5
{[%clk 0:49:05]} Qe6 {[%clk 1:10:31]} 19. Ng5 {[%clk 0:45:54]} Qf5
{[%clk 0:58:07]} 20. Ne4 {[%clk 0:36:56]} Re8 {[%clk 0:51:20]} 21. Nfg3
{[%clk 0:33:53]} Qf4 {[%clk 0:50:19]} 22. Nxc5 {[%clk 0:22:49]} Rxe5
{[%clk 0:47:35]} 23. Rxe5 {[%clk 0:18:26]} Nxe5 {[%clk 0:47:54]} 24. Qd8+
{[%clk 0:17:34]} Kg7 {[%clk 0:48:21]} 25. Re1 {[%clk 0:17:13]} Ng4
{[%clk 0:43:37]} 26. Nd3 {[%clk 0:15:41]} Qd6 {[%clk 0:40:35]} 27. Re8
{[%clk 0:12:54]} Qxd8 {[%clk 0:40:36]} 28. Rxd8 {[%clk 0:13:23]} Bb7
{[%clk 0:39:43]} 29. Rd7 {[%clk 0:12:14]} Rc8 {[%clk 0:39:42]} 30. Nc5
{[%clk 0:10:53]} Bc6 {[%clk 0:38:48]} 31. Rd4 {[%clk 0:09:13]} Nf6
{[%clk 0:37:18]} 32. Nf1 {[%clk 0:07:53]} Nd5 {[%clk 0:33:35]} 33. f3
{[%clk 0:06:25]} Rb8 {[%clk 0:31:30]} 34. b3 {[%clk 0:06:12]} a5 {[%clk 0:30:41]}
35. a4 {[%clk 0:04:36]} Re8 {[%clk 0:27:01]} 36. Kf2 {[%clk 0:04:06]} f5
{[%clk 0:25:32]} 37. Rc4 {[%clk 0:02:51]} Ba8 {[%clk 0:24:54]} 38. Nd3
{[%clk 0:02:22]} Rb8 {[%clk 0:16:23]} 39. Nd2 {[%clk 0:02:32]} c6
{[%clk 0:16:37]} 40. Rc5 {[%clk 0:02:01]} Nb4 {[%clk 0:16:59]} 41. Ne5
{[%clk 0:01:20]} Rd8 {[%clk 0:13:56]} 42. Ndc4 {[%clk 0:01:49]} Rd5
{[%clk 0:13:21]} 43. Rxa5 {[%clk 0:01:49]} Rxa5 {[%clk 0:13:05]} 44. Nxa5
{[%clk 0:02:17]} f4 {[%clk 0:12:10]} 45. Ke2 {[%clk 0:01:42]} g5 {[%clk 0:11:58]}
46. Nd7 {[%clk 0:01:09]} Nd5 {[%clk 0:12:08]} 47. Nc4 {[%clk 0:01:28]} Kf7
{[%clk 0:11:35]} 48. a5 {[%clk 0:01:04]} c5 {[%clk 0:10:57]} 49. Ndb6
{[%clk 0:00:38]} Nxb6 {[%clk 0:11:11]} 50. axb6 {[%clk 0:00:56]} 1-0

[Event "1SM"]
[Site "Sharjah Chess Club"]
[Date "2017.03.24"]
[Round "2.16"]
[White "Xu, Yinglun"]
[Black "Saurabh, Anand"]
[Result "1/2-1/2"]
[BlackElo "2284"]
[WhiteElo "2540"]
[LiveChessVersion "1.4.8"]

1. d4 {[%clk 1:35:15]} Nf6 {[%clk 1:40:28]} 2. c4 {[%clk 1:35:23]} e6
{[%clk 1:40:44]} 3. Nf3 {[%clk 1:35:47]} Bb4+ {[%clk 1:40:59]} 4. Bd2
{[%clk 1:35:46]} a5 {[%clk 1:41:08]} 5. g3 {[%clk 1:35:30]} d6 {[%clk 1:40:56]}
6. Bg2 {[%clk 1:35:23]} Nbd7 {[%clk 1:41:13]} 7. O-O {[%clk 1:34:48]} e5
{[%clk 1:41:29]} 8. Be3 {[%clk 1:27:11]} exd4 {[%clk 1:41:49]} 9. Bxd4
{[%clk 1:27:33]} O-O {[%clk 1:40:52]} 10. Nc3 {[%clk 1:25:58]} c6
{[%clk 1:39:34]} 11. Qc2 {[%clk 1:20:34]} Bc5 {[%clk 1:39:46]} 12. Rad1
{[%clk 1:20:27]} Qe7 {[%clk 1:40:01]} 13. Rfe1 {[%clk 1:17:22]} Nb6
{[%clk 1:39:03]} 14. b3 {[%clk 1:13:08]} a4 {[%clk 0:27:36]} 15. h3
{[%clk 1:13:08]} Re8 {[%clk 0:27:36]} 16. Bxc5 {[%clk 1:13:08]} dxc5
{[%clk 0:27:36]} 17. e4 {[%clk 1:13:08]} Qc7 {[%clk 0:27:36]} 18. e5
{[%clk 1:13:08]} Nfd7 {[%clk 0:27:36]} 19. Ng5 {[%clk 1:13:08]} Nf8
{[%clk 0:27:36]} 20. f4 {[%clk 1:13:08]} Bd7 {[%clk 0:27:36]} 21. Be4
{[%clk 1:13:08]} g6 {[%clk 0:27:36]} 22. Bg2 {[%clk 1:13:08]} Bf5
{[%clk 0:27:36]} 23. Qf2 {[%clk 1:13:08]} axb3 {[%clk 0:27:36]} 24. axb3
{[%clk 1:13:08]} h6 {[%clk 0:27:36]} 25. Nge4 {[%clk 1:13:08]} Bxe4
{[%clk 0:27:36]} 26. Nxe4 {[%clk 1:13:08]} Nbd7 {[%clk 0:27:36]} 27. h4
{[%clk 1:13:08]} h5 {[%clk 0:27:36]} 28. Bh3 {[%clk 1:13:08]} Rad8
{[%clk 0:27:36]} 29. Rd3 {[%clk 1:13:08]} Kh8 {[%clk 0:27:36]} 30. Qd2
{[%clk 1:13:08]} Kg7 {[%clk 0:27:36]} 31. Rd6 {[%clk 1:13:08]} f5
{[%clk 0:27:36]} 32. Rd1 {[%clk 1:13:08]} fxe4 {[%clk 0:27:36]} 33. e6
{[%clk 1:13:08]} e3 {[%clk 0:27:36]} 34. Qxe3 {[%clk 1:13:08]} Nf6 35. Rxd8
{[%clk 1:13:08]} Rxd8 {[%clk 0:27:36]} 36. Rxd8 {[%clk 1:13:08]} Qxd8
{[%clk 0:27:36]} 37. e7 {[%clk 1:13:08]} Qd4 {[%clk 0:27:36]} 38. Qxd4
{[%clk 1:13:08]} cxd4 {[%clk 0:27:36]} 39. exf8=Q+ {[%clk 1:13:08]} Kxf8
{[%clk 0:27:36]} 40. Bg2 {[%clk 1:13:08]} Ke7 {[%clk 0:27:36]} 41. Kf1
{[%clk 1:13:08]} Kd6 {[%clk 0:27:36]} 42. b4 {[%clk 1:13:08]} b6 {[%clk 0:27:36]}
43. Ke2 {[%clk 1:13:08]} c5 {[%clk 0:27:36]} 44. b5 {[%clk 1:13:08]} Ke7
{[%clk 0:27:36]} 45. Bf3 {[%clk 1:13:08]} Ke6 46. Bg2 1/2-1/2

[Event "1SM"]
[Site "Sharjah Chess Club"]
[Date "2017.03.24"]
[Round "2.17"]
[White "Mamedjarova, Turkan"]
[Black "Harika, Dronavalli"]
[Result "1/2-1/2"]
[BlackElo "2539"]
[WhiteElo "2267"]
[LiveChessVersion "1.4.8"]

1. d4 {[%clk 1:40:54]} d5 {[%clk 1:39:23]} 2. Nf3 {[%clk 1:40:56]} Nf6
{[%clk 1:39:30]} 3. c4 {[%clk 1:41:02]} e6 {[%clk 1:39:40]} 4. Nc3
{[%clk 1:41:24]} a6 {[%clk 1:35:26]} 5. cxd5 {[%clk 1:37:06]} exd5
{[%clk 1:36:10]} 6. Bg5 {[%clk 1:36:58]} Be6 {[%clk 1:30:28]} 7. e3
{[%clk 1:36:24]} Nbd7 {[%clk 1:27:29]} 8. Bd3 {[%clk 1:35:20]} h6
{[%clk 1:26:14]} 9. Bh4 {[%clk 1:31:51]} Bd6 {[%clk 1:24:25]} 10. O-O
{[%clk 1:28:39]} c6 {[%clk 1:23:41]} 11. Qc2 {[%clk 1:21:43]} O-O
{[%clk 1:20:34]} 12. Rfe1 {[%clk 1:08:05]} Re8 {[%clk 1:13:33]} 13. a3
{[%clk 1:04:52]} Qc7 {[%clk 1:08:05]} 14. e4 {[%clk 1:03:32]} dxe4
{[%clk 1:06:52]} 15. Nxe4 {[%clk 1:03:33]} Nxe4 {[%clk 1:04:06]} 16. Bxe4
{[%clk 1:03:21]} Nf8 {[%clk 1:03:09]} 17. Bg3 {[%clk 0:55:53]} Bxg3
{[%clk 0:59:15]} 18. hxg3 {[%clk 0:55:48]} Qb6 {[%clk 0:57:35]} 19. b4
{[%clk 0:53:02]} Red8 {[%clk 0:48:12]} 20. Rad1 {[%clk 0:50:45]} a5
{[%clk 0:44:23]} 21. Qc5 {[%clk 0:47:57]} Nd7 {[%clk 0:43:33]} 22. Qxb6 Nxb6
{[%clk 0:42:55]} 23. bxa5 {[%clk 0:30:28]} Nc4 {[%clk 0:39:55]} 24. Rb1
{[%clk 0:30:32]} Nxa5 {[%clk 0:38:57]} 25. Rb4 {[%clk 0:30:48]} Rd6
{[%clk 0:36:26]} 26. Reb1 {[%clk 0:27:56]} Rad8 {[%clk 0:33:00]} 27. Ra4
{[%clk 0:26:43]} Nb3 {[%clk 0:31:17]} 28. Bc2 {[%clk 0:23:06]} b5
{[%clk 0:29:31]} 29. Ra6 {[%clk 0:23:09]} Bc8 {[%clk 0:22:36]} 30. Rb6
{[%clk 0:22:03]} Na5 {[%clk 0:22:42]} 31. Bd3 {[%clk 0:18:34]} Be6
{[%clk 0:15:30]} 32. Rb4 {[%clk 0:16:32]} Nb3 {[%clk 0:11:13]} 33. Be4
{[%clk 0:14:54]} Na5 {[%clk 0:07:20]} 34. Ra6 {[%clk 0:11:08]} f5
{[%clk 0:05:47]} 35. Bxf5 {[%clk 0:11:01]} Bxf5 {[%clk 0:06:13]} 36. Rxa5
{[%clk 0:11:28]} Be4 {[%clk 0:06:15]} 37. a4 {[%clk 0:10:02]} Bxf3
{[%clk 0:05:44]} 38. gxf3 {[%clk 0:10:29]} Rxd4 {[%clk 0:05:42]} 39. Rxd4
{[%clk 0:10:51]} Rxd4 {[%clk 0:06:08]} 40. axb5 {[%clk 0:11:16]} cxb5
{[%clk 0:06:34]} 41. Rxb5 {[%clk 0:11:43]} Kf7 {[%clk 0:05:43]} 42. Rb6
{[%clk 0:12:05]} h5 {[%clk 0:05:29]} 43. Kg2 {[%clk 0:11:05]} Ra4
{[%clk 0:05:45]} 44. f4 {[%clk 0:10:29]} h4 {[%clk 0:04:11]} 45. Kh3
{[%clk 0:10:39]} hxg3 {[%clk 0:04:37]} 46. fxg3 {[%clk 0:11:04]} Ra3
{[%clk 0:04:55]} 47. f5 {[%clk 0:10:37]} Ra4 {[%clk 0:03:23]} 48. g4
{[%clk 0:10:48]} Rf4 {[%clk 0:02:31]} 49. Kh4 {[%clk 0:10:56]} Kg8
{[%clk 0:01:53]} 50. Kg5 {[%clk 0:10:56]} Ra4 {[%clk 0:02:18]} 51. Kh5
{[%clk 0:10:24]} Rf4 {[%clk 0:02:43]} 52. Rb5 {[%clk 0:10:42]} Kh7
{[%clk 0:02:18]} 53. Kg5 {[%clk 0:08:15]} Ra4 {[%clk 0:02:42]} 54. Rb7
{[%clk 0:07:23]} Ra6 {[%clk 0:02:57]} 55. Rf7 {[%clk 0:07:09]} Kg8
{[%clk 0:03:05]} 56. Re7 {[%clk 0:07:26]} Kh7 {[%clk 0:02:11]} 57. Re6
{[%clk 0:06:40]} Ra4 {[%clk 0:02:22]} 58. Kh5 {[%clk 0:07:00]} Rf4
{[%clk 0:02:37]} 59. Re5 {[%clk 0:06:51]} Rf1 {[%clk 0:02:44]} 60. Re8
{[%clk 0:04:54]} Rh1+ {[%clk 0:02:10]} 61. Kg5 {[%clk 0:05:22]} Rg1
{[%clk 0:02:34]} 62. Rb8 {[%clk 0:05:13]} Ra1 {[%clk 0:02:21]} 63. Rb7
{[%clk 0:05:08]} Kg8 {[%clk 0:01:56]} 64. Re7 {[%clk 0:05:05]} Rg1
{[%clk 0:01:52]} 65. Ra7 {[%clk 0:04:54]} Rg2 {[%clk 0:01:38]} 66. Ra8+
{[%clk 0:04:04]} Kf7 {[%clk 0:01:17]} 67. Ra7+ {[%clk 0:04:02]} Kg8
{[%clk 0:01:35]} 68. Ra3 {[%clk 0:04:27]} Rg1 {[%clk 0:01:47]} 69. Kf4
{[%clk 0:04:50]} Rf1+ {[%clk 0:02:06]} 70. Rf3 {[%clk 0:05:15]} Ra1
{[%clk 0:02:17]} 71. g5 {[%clk 0:05:06]} Kf7 {[%clk 0:02:33]} 72. Rd3
{[%clk 0:04:54]} Rf1+ {[%clk 0:02:32]} 73. Ke5 {[%clk 0:04:10]} Re1+
{[%clk 0:02:54]} 74. Kf4 {[%clk 0:04:18]} Rf1+ {[%clk 0:03:20]} 75. Rf3
{[%clk 0:04:07]} Rg1 {[%clk 0:03:07]} 76. Re3 {[%clk 0:03:43]} Rf1+
{[%clk 0:03:20]} 77. Ke5 {[%clk 0:03:31]} g6 {[%clk 0:03:38]} 78. Kd4 1/2-1/2

[Event "1SM"]
[Site "Sharjah Chess Club"]
[Date "2017.03.24"]
[Round "2.18"]
[White "Vishnu, Prasanna. V"]
[Black "Gukesh, D"]
[Result "1-0"]
[BlackElo "2260"]
[WhiteElo "2534"]
[LiveChessVersion "1.4.8"]

1. d4 {[%clk 1:40:56]} d5 {[%clk 1:40:53]} 2. c4 {[%clk 1:41:22]} e6
{[%clk 1:41:17]} 3. Nc3 {[%clk 1:41:48]} c6 {[%clk 1:41:41]} 4. e3
{[%clk 1:42:05]} Nf6 {[%clk 1:42:02]} 5. b3 {[%clk 1:42:27]} Nbd7
{[%clk 1:41:29]} 6. Bd3 {[%clk 1:42:48]} Bd6 {[%clk 1:37:02]} 7. f4
{[%clk 1:42:58]} c5 {[%clk 1:24:48]} 8. Nf3 {[%clk 1:42:09]} cxd4
{[%clk 1:20:26]} 9. exd4 {[%clk 1:42:31]} Qa5 {[%clk 1:19:48]} 10. Qc2
{[%clk 1:36:04]} Ne4 {[%clk 1:06:52]} 11. Bxe4 {[%clk 1:20:26]} dxe4
{[%clk 1:07:12]} 12. Nd2 {[%clk 1:20:48]} f5 {[%clk 0:51:50]} 13. c5
{[%clk 1:20:11]} Be7 {[%clk 0:48:51]} 14. Nc4 {[%clk 1:19:24]} Qd8
{[%clk 0:46:26]} 15. Be3 {[%clk 1:16:15]} O-O {[%clk 0:43:09]} 16. O-O
{[%clk 1:14:22]} b6 {[%clk 0:38:50]} 17. b4 {[%clk 1:10:45]} Bb7 {[%clk 0:37:43]}
18. Rad1 {[%clk 1:06:50]} Bd5 {[%clk 0:34:23]} 19. Nxd5 {[%clk 1:01:18]} exd5
{[%clk 0:34:46]} 20. Ne5 {[%clk 1:01:29]} Nxe5 {[%clk 0:30:42]} 21. dxe5
{[%clk 1:01:17]} bxc5 {[%clk 0:31:02]} 22. bxc5 {[%clk 1:01:12]} Qd7
{[%clk 0:30:09]} 23. c6 {[%clk 0:47:51]} Qe6 {[%clk 0:30:24]} 24. Qb3
{[%clk 0:46:43]} Qxc6 {[%clk 0:28:52]} 25. Rxd5 {[%clk 0:46:06]} Qe6
{[%clk 0:25:48]} 26. Rd7 {[%clk 0:44:34]} Kf7 {[%clk 0:18:15]} 27. Bc5
{[%clk 0:38:12]} Rfe8 {[%clk 0:18:08]} 28. Bxe7 {[%clk 0:36:57]} Qxb3
{[%clk 0:17:00]} 29. Bc5+ {[%clk 0:37:19]} Ke6 {[%clk 0:17:17]} 30. Rd6+
{[%clk 0:37:45]} 1-0

[Event "1SM"]
[Site "Sharjah Chess Club"]
[Date "2017.03.24"]
[Round "2.19"]
[White "Nihal, Sarin"]
[Black "Naiditsch, Arkadij"]
[Result "0-1"]
[BlackElo "2702"]
[WhiteElo "2386"]
[LiveChessVersion "1.4.8"]

1. d4 {[%clk 1:40:56]} Nf6 {[%clk 1:40:52]} 2. c4 {[%clk 1:41:21]} g6
{[%clk 1:41:16]} 3. Nc3 {[%clk 1:41:32]} Bg7 {[%clk 1:41:38]} 4. e4
{[%clk 1:41:38]} d6 {[%clk 1:42:01]} 5. Nf3 {[%clk 1:42:00]} O-O {[%clk 1:42:24]}
6. Be2 {[%clk 1:42:24]} Na6 {[%clk 1:42:47]} 7. O-O {[%clk 1:42:17]} e5
{[%clk 1:43:11]} 8. Be3 {[%clk 1:42:34]} c6 {[%clk 1:43:18]} 9. dxe5
{[%clk 1:39:35]} dxe5 {[%clk 1:43:28]} 10. Qxd8 {[%clk 1:39:58]} Rxd8
{[%clk 1:43:51]} 11. h3 {[%clk 1:40:21]} Re8 {[%clk 1:43:30]} 12. a3
{[%clk 1:25:59]} Nh5 {[%clk 1:43:11]} 13. Rfd1 {[%clk 1:21:58]} Nf4
{[%clk 1:40:30]} 14. Bf1 {[%clk 1:22:12]} Ne6 {[%clk 1:40:05]} 15. b4
{[%clk 1:03:57]} f5 {[%clk 1:40:11]} 16. c5 {[%clk 1:01:59]} f4 {[%clk 1:40:09]}
17. Bc1 {[%clk 0:59:41]} Nd4 {[%clk 1:40:27]} 18. Bc4+ {[%clk 0:38:07]} Be6
{[%clk 1:38:15]} 19. Bxe6+ {[%clk 0:38:27]} Rxe6 {[%clk 1:38:32]} 20. Bb2
{[%clk 0:37:06]} Nc7 {[%clk 1:37:52]} 21. Kf1 {[%clk 0:34:03]} a5
{[%clk 1:32:57]} 22. Ne2 {[%clk 0:28:46]} Re7 {[%clk 1:13:58]} 23. Nexd4
{[%clk 0:18:16]} exd4 {[%clk 1:14:16]} 24. Bxd4 {[%clk 0:18:24]} axb4
{[%clk 1:13:47]} 25. axb4 {[%clk 0:13:04]} Rxa1 {[%clk 1:13:52]} 26. Bxa1
{[%clk 0:13:26]} Bxa1 {[%clk 1:14:03]} 27. Rxa1 {[%clk 0:13:41]} Rxe4
{[%clk 1:14:28]} 28. Rd1 {[%clk 0:13:28]} Kf8 {[%clk 1:03:19]} 29. Ng5
{[%clk 0:07:31]} Rxb4 {[%clk 0:56:52]} 30. Rd7 {[%clk 0:07:49]} Nd5
{[%clk 0:56:55]} 31. Ne6+ {[%clk 0:07:44]} Ke8 {[%clk 0:55:53]} 32. Rxh7
{[%clk 0:08:04]} Nc3 {[%clk 0:55:09]} 33. Kg1 {[%clk 0:08:07]} Re4
{[%clk 0:46:24]} 34. Rh8+ {[%clk 0:06:16]} Ke7 {[%clk 0:46:21]} 35. Ng5
{[%clk 0:06:42]} Rb4 {[%clk 0:40:41]} 36. h4 {[%clk 0:05:46]} Rb2
{[%clk 0:36:02]} 37. Rh7+ {[%clk 0:03:54]} Kf6 {[%clk 0:35:41]} 38. Rf7+
{[%clk 0:04:22]} Ke5 {[%clk 0:36:04]} 39. Re7+ {[%clk 0:03:12]} Kf5
{[%clk 0:35:16]} 40. Rf7+ {[%clk 0:03:26]} Ke5 {[%clk 0:25:52]} 41. Re7+
{[%clk 0:03:54]} Kd5 {[%clk 0:26:14]} 42. Rg7 {[%clk 0:04:05]} b5
{[%clk 0:25:00]} 43. cxb6 {[%clk 0:03:49]} c5 {[%clk 0:25:28]} 44. b7
{[%clk 0:03:00]} c4 {[%clk 0:24:45]} 45. Rc7 {[%clk 0:03:09]} Ne2+
{[%clk 0:23:49]} 46. Kh2 {[%clk 0:03:35]} c3 {[%clk 0:23:57]} 47. Nf7
{[%clk 0:03:38]} Rb3 {[%clk 0:20:33]} 48. Nd8 {[%clk 0:03:47]} Kd6
{[%clk 0:20:06]} 49. Rc6+ {[%clk 0:02:16]} Kd7 {[%clk 0:19:46]} 50. Rc8
{[%clk 0:02:42]} Rxb7 {[%clk 0:18:22]} 51. Rxc3 {[%clk 0:02:50]} Kxd8
{[%clk 0:18:45]} 52. Rc6 {[%clk 0:02:06]} Rh7 {[%clk 0:13:56]} 53. Kh3
{[%clk 0:01:49]} g5 {[%clk 0:14:08]} 54. Kg4 {[%clk 0:02:07]} gxh4
{[%clk 0:13:44]} 55. Re6 {[%clk 0:01:44]} f3 {[%clk 0:13:23]} 56. gxf3
{[%clk 0:01:14]} h3 {[%clk 0:13:28]} 57. Ra6 {[%clk 0:01:39]} Rh4+
{[%clk 0:11:05]} 58. Kxh4 {[%clk 0:01:34]} h2 {[%clk 0:11:29]} 0-1